000 00544nam a2200217Ia 4500
003 OSt
005 20220928141112.0
006 a|||||r|||| 00| 0
007 ta
008 220927b |||||||| |||| 00| 0 eng d
024 _a13729
037 _cTextual
040 _aSDCL
_cSDCL
_beng
041 _2eng
_aeng
082 _aO-,6M821x, J0
100 _aWoolf Virginia
245 0 _aCaptain 's death bed and other essays.
260 _c1950
942 _hO-,6M821x, J0
_cTEXL
_2CC
999 _c816138
_d816138